[Event "Hamburg-ch Seniors 65+"]
[Site "Hamburg"]
[Date "2018.11.06"]
[Round "7"]
[White "Boxberger, Dieter"]
[Black "Bock, Georg"]
[Result "0-1"]
[WhiteElo "1625"]
[BlackElo "1459"]
[PlyCount "155"]
[EventDate "2018.10.31"]
[EventType "swiss"]
[EventRounds "9"]
[EventCountry "GER"]
[SourceTitle "CBM 189 Extra"]
[Source "ChessBase"]
[SourceDate "2019.06.03"]
[SourceVersion "1"]
[SourceVersionDate "2019.06.03"]
[SourceQuality "1"]

1. e4 e6 2. Bc4 d5 3. exd5 exd5 4. Bb3 Bc5 5. Nf3 Bg4 6. h3 Bh5 7. d3 h6 8. Bf4 Nf6 9. Qe2+ Be7 10. Nbd2 0-0 11. 0-0-0 Re8 12. g4 Bg6 13. g5 hxg5 14. Bxg5 Bh5 15. Qf1 Bb4 16. c3 Ba5 17. Re1 Rxe1+ 18. Qxe1 Nbd7 19. Ne5 Nc5 20. Bc2 Qd6 21. b4 Re8 22. d4 Ncd7 23. bxa5 Nxe5 24. dxe5 Rxe5 25. Be3 Qa3+ 26. Kb1 Qxa5 27. Nb3 Qb5 28. Qd2 Ne4 29. Qd4 f6 30. Rg1 c5 31. Qxc5 Nxc5 32. Bxc5 a5 33. Bd4 Re6 34. Kc1 b6 35. Be3 Kf7 36. Nd4 Qe8 37. Nxe6 Qxe6 38. h4 Qc6 39. Bd4 Qd6 40. Bb3 b5 41. Kb2 Bf3 42. Rg3 Be4 43. Rg4 a4 44. Bd1 a3+ 45. Kc1 b4 46. Bb3 Bf5 47. Rg3 Be6 48. cxb4 Qxb4 49. Rd3 Qd6 50. Bd1 Qf4+ 51. Be3 Qxh4 52. Rxa3 Qc4+ 53. Kb2 Kg6 54. Ra4 Qb5+ 55. Kc1 Bf5 56. Bb3 Qd3 57. Rd4 Qb1+ 58. Kd2 Qb2+ 59. Kd1 Be6 60. Rd2 Qe5 61. Rd4 Qh5+ 62. Kd2 Qe5 63. a4 Qb8 64. Bc2+ Kf7 65. a5 Qb5 66. Ra4 Bf5 67. Bd1 Qd3+ 68. Ke1 Qc3+ 69. Bd2 Qe5+ 70. Be2 Bd3 71. Be3 Bxe2 72. Kxe2 Qb2+ 73. Kf3 Qb5 74. Ra1 Qc6 75. Bd4 Qc4 76. Ke3 f5 77. f4 g5 78. Bb6 0-1

[Event "Hamburg-ch Seniors 65+"]
[Site "Hamburg"]
[Date "2018.11.05"]
[Round "6"]
[White "Emami, Madjid"]
[Black "Boxberger, Dieter"]
[Result "1-0"]
[WhiteElo "1977"]
[BlackElo "1625"]
[PlyCount "71"]
[EventDate "2018.10.31"]
[EventType "swiss"]
[EventRounds "9"]
[EventCountry "GER"]
[SourceTitle "CBM 189 Extra"]
[Source "ChessBase"]
[SourceDate "2019.06.03"]
[SourceVersion "1"]
[SourceVersionDate "2019.06.03"]
[SourceQuality "1"]

1. Nf3 d5 2. g3 e6 3. Bg2 Bc5 4. 0-0 Nf6 5. d4 Bb6 6. b3 h6 7. Bb2 0-0 8. c4 c6 9. Nc3 Nbd7 10. e3 Nh7 11. e4 dxe4 12. Nxe4 Ndf6 13. Nc3 Re8 14. Ne2 Ne4 15. Qc2 Nhf6 16. Rad1 Qe7 17. Ne5 Ng5 18. Nf4 Nd7 19. Ng4 Rb8 20. Nh5 f5 21. Ne3 Qf7 22. Nf4 Nf6 23. Nd3 Bc7 24. d5 cxd5 25. cxd5 Nxd5 26. Nxd5 exd5 27. Nb4 Bd8 28. Nxd5 b6 29. Rfe1 Rxe1+ 30. Rxe1 Bb7 31. Re5 Bc8 32. Ne7+ Bxe7 33. Qc7 Bd6 34. Qxd6 Nh3+ 35. Bxh3 Rb7 36. Qd8+ 1-0

[Event "Hamburg-ch Seniors 65+"]
[Site "Hamburg"]
[Date "2018.11.04"]
[Round "5"]
[White "Graffenberger, Marianne"]
[Black "Boxberger, Dieter"]
[Result "0-1"]
[WhiteElo "1428"]
[BlackElo "1625"]
[PlyCount "52"]
[EventDate "2018.10.31"]
[EventType "swiss"]
[EventRounds "9"]
[EventCountry "GER"]
[SourceTitle "CBM 189 Extra"]
[Source "ChessBase"]
[SourceDate "2019.06.03"]
[SourceVersion "1"]
[SourceVersionDate "2019.06.03"]
[SourceQuality "1"]

1. e4 e5 2. Nf3 Nc6 3. c4 Bc5 4. Nc3 a6 5. d3 h6 6. Be2 Nf6 7. Nd5 0-0 8. 0-0 d6 9. b3 Nxd5 10. cxd5 Ne7 11. d4 exd4 12. Nxd4 Ng6 13. a3 Re8 14. b4 Ba7 15. Bf3 Nh4 16. Bb2 Qg5 17. Bc1 Qg6 18. Re1 Bxd4 19. Qxd4 Nxf3+ 20. Kh1 Nxd4 21. Re3 Nc2 22. Rg3 Qxg3 23. hxg3 Nxa1 24. f3 f5 25. Bb2 Nc2 26. exf5 Bxf5 0-1

[Event "Hamburg-ch Seniors 65+"]
[Site "Hamburg"]
[Date "2018.11.01"]
[Round "2"]
[White "Weiss, Hartwig"]
[Black "Boxberger, Dieter"]
[Result "1-0"]
[WhiteElo "1948"]
[BlackElo "1625"]
[PlyCount "119"]
[EventDate "2018.10.31"]
[EventType "swiss"]
[EventRounds "9"]
[EventCountry "GER"]
[SourceTitle "CBM 189 Extra"]
[Source "ChessBase"]
[SourceDate "2019.06.03"]
[SourceVersion "1"]
[SourceVersionDate "2019.06.03"]
[SourceQuality "1"]

1. e4 e5 2. Nf3 Nc6 3. Bb5 d6 4. d4 exd4 5. Nxd4 Bd7 6. Nc3 Nxd4 7. Bxd7+ Qxd7 8. Qxd4 Nf6 9. 0-0 Be7 10. Bg5 0-0 11. e5 Ne8 12. Bf4 c6 13. exd6 Bf6 14. Qd2 Bxc3 15. bxc3 Nf6 16. Rfe1 Rfe8 17. c4 Rxe1+ 18. Rxe1 Re8 19. h3 Rxe1+ 20. Qxe1 Qe6 21. Qd2 Kf8 22. Bg5 Nd7 23. Be7+ Ke8 24. Qa5 b6 25. Qxa7 f6 26. Qa8+ Kf7 27. Qxc6 Qe1+ 28. Kh2 Qe5+ 29. g3 Qf5 30. Qd5+ Kg6 31. Qd3 Ne5 32. Qxf5+ Kxf5 33. Kg2 Ke6 34. Kf1 Nxc4 35. Ke2 Ne5 36. Bd8 b5 37. Bc7 Nc6 38. Kd2 Kd7 39. c3 Ne5 40. Kc2 Kc6 41. Bb8 Nd7 42. Ba7 Kxd6 43. Bd4 Nf8 44. Kb3 Ne6 45. Kb4 Kc6 46. Be3 Nc7 47. c4 bxc4 48. Kxc4 h5 49. Kd4 Kd7 50. Bf4 Nb5+ 51. Kc4 Kc6 52. a4 Na7 53. Be3 Nc8 54. Bc5 g6 55. a5 f5 56. f4 Kb7 57. Kb5 Kc7 58. a6 Kb8 59. a7+ Ka8 60. Kc4 1-0

[Event "Hamburg-chA"]
[Site "Hamburg"]
[Date "2018.05.21"]
[Round "3"]
[White "Fuhrmann, Bahne"]
[Black "Boxberger, Dieter"]
[Result "1-0"]
[WhiteElo "1597"]
[BlackElo "1636"]
[PlyCount "39"]
[EventDate "2018.05.19"]
[EventType "swiss"]
[EventRounds "7"]
[EventCountry "GER"]
[SourceTitle "EXT 2020"]
[Source "ChessBase"]
[SourceDate "2019.10.17"]
[SourceVersion "1"]
[SourceVersionDate "2019.10.17"]
[SourceQuality "1"]

1. e4 e5 2. Nf3 Nc6 3. Bc4 Bc5 4. 0-0 Nf6 5. c3 0-0 6. d4 exd4 7. cxd4 Bb6 8. e5 Ne8 9. d5 Na5 10. Bd3 h6 11. b4 Nc6 12. dxc6 bxc6 13. Bc2 d6 14. Qd3 f5 15. Qc4+ Kh8 16. Qxc6 Be6 17. Re1 Bd7 18. Qc4 dxe5 19. Nxe5 Rf6 20. Nf7+ 1-0

[Event "Hamburg-chA"]
[Site "Hamburg"]
[Date "2017.06.04"]
[Round "2"]
[White "Fasahat, Hossein"]
[Black "Boxberger, Dieter"]
[Result "1-0"]
[WhiteElo "1541"]
[BlackElo "1636"]
[PlyCount "91"]
[EventDate "2017.06.03"]
[EventType "swiss"]
[EventRounds "7"]
[EventCountry "GER"]
[SourceTitle "CBM 179 Extra"]
[Source "ChessBase"]
[SourceDate "2017.08.23"]
[SourceVersion "1"]
[SourceVersionDate "2017.08.23"]
[SourceQuality "1"]

1. e4 e5 2. Nf3 Nc6 3. c3 a6 4. d4 exd4 5. cxd4 Nf6 6. d5 Ne7 7. Nc3 Ng6 8. Be2 Bb4 9. Qc2 0-0 10. a3 Ba5 11. 0-0 d6 12. h3 Re8 13. Bd3 Bb6 14. Re1 Ne5 15. Nxe5 Rxe5 16. Bf4 Re8 17. e5 dxe5 18. Bxe5 g6 19. Bxf6 Rxe1+ 20. Rxe1 Qxf6 21. Re8+ Kg7 22. Ne4 Qd4 23. Qc3 f5 24. Ng5 Kh6 25. Qxd4 Bxd4 26. Ne6 Bxb2 27. Nxc7 Rb8 28. a4 a5 29. d6 Be5 30. Rxe5 Bd7 31. Rxa5 Kg7 32. Bc4 Kf6 33. f4 Rd8 34. Bb5 Bxb5 35. Nxb5 Ke6 36. Kf2 Kd5 37. Ra7 Rd7 38. Ra8 Kc6 39. Rc8+ Kb6 40. Rc4 Rd8 41. Ke3 Rd7 42. Kd4 h6 43. Kd5 g5 44. fxg5 hxg5 45. Nd4 f4 46. Ne6 1-0

[Event "Hamburg St Pauli op-B"]
[Site "Hamburg"]
[Date "2013.07.07"]
[Round "2"]
[White "Kaduszkiewicz, Martin"]
[Black "Boxberger, Dieter"]
[Result "1/2-1/2"]
[WhiteElo "1828"]
[BlackElo "1627"]
[PlyCount "111"]
[EventDate "2013.07.06"]
[EventType "swiss"]
[EventRounds "9"]
[EventCountry "GER"]
[SourceTitle "EXT 2014"]
[Source "ChessBase"]
[SourceDate "2013.11.20"]
[SourceVersion "1"]
[SourceVersionDate "2013.11.20"]
[SourceQuality "1"]

1. c4 e5 2. g3 Bc5 3. Bg2 Nc6 4. Nc3 a6 5. Nf3 d6 6. d3 Nge7 7. 0-0 0-0 8. a3 Ng6 9. b4 Ba7 10. Bb2 Nd4 11. e3 Nxf3+ 12. Qxf3 c6 13. Rad1 Qe7 14. d4 exd4 15. exd4 Qg5 16. Ne4 Qe7 17. Rfe1 Qc7 18. Qc3 f6 19. c5 d5 20. Nd6 Ne7 21. Bc1 Bb8 22. Nxc8 Rxc8 23. Bh3 Rf8 24. Re2 Ng6 25. Rde1 Ba7 26. Bf4 Nxf4 27. gxf4 Qxf4 28. Re7 Bb8 29. Be6+ Kh8 30. Qg3 Qh6 31. Qg2 a5 32. Bc8 Bxh2+ 33. Qxh2 Qxh2+ 34. Kxh2 Raxc8 35. bxa5 Rb8 36. Rc7 Rbc8 37. Ree7 Rxc7 38. Rxc7 Kg8 39. a6 bxa6 40. Rxc6 Rb8 41. Rb6 Rc8 42. Rd6 Kf8 43. Rxd5 Ke7 44. Rd6 Rd8 45. Rxd8 Kxd8 46. d5 g5 47. Kg3 h5 48. a4 f5 49. f3 Kd7 50. c6+ Kd6 51. Kh3 f4 52. Kg2 h4 53. Kh3 Kc7 54. Kg4 Kd6 55. Kh3 Kc7 56. Kg4 1/2-1/2

[Event "Hamburg St Pauli op-B"]
[Site "Hamburg"]
[Date "2011.07.14"]
[Round "7"]
[White "Indinger, Alexander"]
[Black "Boxberger, Dieter"]
[Result "1-0"]
[WhiteElo "1833"]
[BlackElo "1468"]
[PlyCount "45"]
[EventDate "2011.07.09"]
[EventType "swiss"]
[EventRounds "9"]
[EventCountry "GER"]
[SourceTitle "CBM 143 Extra"]
[Source "ChessBase"]
[SourceDate "2011.08.29"]
[SourceVersion "1"]
[SourceVersionDate "2011.08.29"]
[SourceQuality "1"]

1. e4 e5 2. Nf3 Nc6 3. Bb5 d6 4. d4 exd4 5. Qxd4 Bd7 6. Bxc6 Bxc6 7. Nc3 Nf6 8. Bg5 Be7 9. 0-0-0 h6 10. Bh4 g5 11. Bg3 Rg8 12. e5 Bxf3 13. gxf3 dxe5 14. Qa4+ Nd7 15. Bxe5 c6 16. Rhe1 Kf8 17. Qg4 Ke8 18. Bd6 Nf6 19. Qf5 Nd5 20. Nxd5 cxd5 21. Bxe7 Qxe7 22. Rxe7+ Kxe7 23. Rxd5 1-0

[Event "Hamburg St Pauli op-B"]
[Site "Hamburg"]
[Date "2011.07.11"]
[Round "4"]
[White "Boxberger, Dieter"]
[Black "Haak, Werner"]
[Result "1-0"]
[WhiteElo "1468"]
[BlackElo "1806"]
[PlyCount "147"]
[EventDate "2011.07.09"]
[EventType "swiss"]
[EventRounds "9"]
[EventCountry "GER"]
[SourceTitle "CBM 143 Extra"]
[Source "ChessBase"]
[SourceDate "2011.08.29"]
[SourceVersion "1"]
[SourceVersionDate "2011.08.29"]
[SourceQuality "1"]

1. e4 c5 2. Bc4 e6 3. Nc3 d6 4. d3 Nc6 5. Nf3 Be7 6. a3 Nf6 7. 0-0 0-0 8. b4 Ng4 9. bxc5 dxc5 10. Rb1 Bf6 11. Ne2 Nce5 12. Nxe5 Nxe5 13. Bb3 b6 14. Ng3 Ng6 15. Bb2 Bxb2 16. Rxb2 Qc7 17. Qf3 Bb7 18. Qe2 Rad8 19. Rbb1 a6 20. a4 Rd6 21. Bc4 Qc6 22. Bb3 Kh8 23. f3 Nf4 24. Qe3 e5 25. Nf5 Rd7 26. g3 Ng6 27. Qg5 f6 28. Qg4 Bc8 29. h4 Rfd8 30. h5 Nf8 31. Kg2 Ne6 32. Rh1 Nd4 33. Nxd4 Rxd4 34. Qh4 Be6 35. Bxe6 Qxe6 36. Ra1 c4 37. h6 g6 38. g4 cxd3 39. cxd3 Rxd3 40. Rhf1 Kg8 41. Qe1 f5 42. gxf5 gxf5 43. Qg3+ Qg6 44. exf5 Qxg3+ 45. Kxg3 Kf7 46. Kg4 Rg8+ 47. Kh4 Rd4+ 48. Kh3 Rg5 49. Rac1 Rh5+ 50. Kg3 Rxh6 51. Rc7+ Ke8 52. Re1 Kd8 53. Rec1 Rd7 54. Rc8+ Ke7 55. Re1 Rd5 56. f4 Kd7 57. Rec1 exf4+ 58. Kxf4 Rc5 59. R8xc5 bxc5 60. Rxc5 Rh4+ 61. Ke5 Rxa4 62. Rd5+ Ke8 63. Kf6 h5 64. Rd3 Rb4 65. Ra3 Rb6+ 66. Kg5 Kf7 67. Ra4 Rf6 68. Rh4 a5 69. Rxh5 Ra6 70. Rh7+ Kg8 71. Rc7 Ra8 72. Kg6 a4 73. f6 a3 74. Rh7 1-0